000 01091nam a2200289Ia 4500
001 ebr10695140
003 CaPaEBR
006 m u
007 cr cn|||||||||
008 130511s2013 ts a sb 001 0 eng d
020 _z9781608054909 (ebook)
020 _z9781608057108
040 _aCaPaEBR
_cCaPaEBR
035 _a(OCoLC)847007894
050 1 4 _aQH541.15.S62
_bR35 2013eb
100 1 _aRai, Vikas.
245 1 0 _aSpatial ecology
_h[electronic resource] /
_cauthored by Vikas Rai.
260 _aSharjah, U.A.E. :
_bBentham Science Publishers,
_c[2013]
300 _av., 138 p. :
_bill.
504 _aIncludes bibliographical references and index.
533 _aElectronic reproduction.
_bPalo Alto, Calif. :
_cebrary,
_d2013.
_nAvailable via World Wide Web.
_nAccess may be limited to ebrary affiliated libraries.
650 0 _aSpatial ecology.
650 0 _aEcology.
655 7 _aElectronic books.
_2local
710 2 _aebrary, Inc.
856 4 0 _uhttp://site.ebrary.com/lib/rucke/Doc?id=10695140
_zAn electronic book accessible through the World Wide Web; click to view
999 _c9003
_d9003